French -oir Verbs - Statistics

General Stats
  • This quiz has been taken 143 times
  • The average score is 38 of 45
Answer Stats
Infinitive Pronoun Conjugation % Correct
Vouloir Je Veux
95%
Vouloir Tu Veux
95%
Vouloir Vous Voulez
95%
Vouloir Nous Voulons
95%
Vouloir Il/Elle/On Veut
94%
Pouvoir Je Peux
88%
Pouvoir Tu Peux
88%
Voir Je Vois
88%
Voir Il/Elle/On Voit
88%
Devoir Vous Devez
86%
Devoir Nous Devons
86%
Pouvoir Il/Elle/On Peut
86%
Pouvoir Nous Pouvons
86%
Savoir Je Sais
86%
Savoir Vous Savez
86%
Savoir Nous Savons
86%
Voir Tu Vois
86%
Savoir Tu Sais
85%
Savoir Ils/Elles Savent
85%
Vouloir Ils/Elles Veulent
85%
Devoir Je Dois
84%
Devoir Tu Dois
84%
Devoir Il/Elle/On Doit
84%
Pouvoir Vous Pouvez
84%
Savoir Il/Elle/On Sait
84%
Pouvoir Ils/Elles Peuvent
80%
Recevoir Vous Recevez
80%
Pleuvoir Il/Elle/On Pleut
79%
Recevoir Nous Recevons
79%
Recevoir Je Reçois
79%
Recevoir Tu Reçois
79%
Recevoir Il/Elle/On Reçoit
79%
Valoir Vous Valez
79%
Valoir Nous Valons
79%
Valoir Il/Elle/On Vaut
79%
Valoir Je Vaux
79%
Valoir Tu Vaux
79%
Voir Vous Voyez
79%
Voir Nous Voyons
79%
Devoir Ils/Elles Doivent
78%
Valoir Ils/Elles Valent
78%
Voir Ils/Elles Voient
78%
Pleuvoir Ils/Elles Pleuvent
75%
Falloir Il/Elle/On Faut
73%
Recevoir Ils/Elles Reçoivent
72%
No matching quizzes found
Score Distribution
Percent of People with Each Score
Percentile by Number Answered
Your Score History
You have not taken this quiz